00474nam a2200193 a 4500001001300000003000900013005001700022008004100039020001000080082001400090100002000104245002100124260004100145300000900186500003500195505001700230650001300247700002000260nice12345678IN_TiNIC20260116015341.0100208s1960 bana grp 000 0 eng  ac10000a230bHAR1 aHaring, Bernard aThe Law of Crist aBangalore bTheological Pubs. c1960 a615p aincludes index and biblioraphy2 aNotes, Index aTheology1 aHaring, Bernard